| 000 | 01170cad a22002535a 4500 | ||
|---|---|---|---|
| 008 | 240725t2024 xxk fo 000 0 eng d | ||
| 020 | _a9781783215294 | ||
| 041 | 0 | _aeng | |
| 050 | 0 | 4 | _a658.152 $2 20 |
| 110 | 2 |
_aRoyal Institution of Chartered Surveyors _94900 |
|
| 245 | 0 | 0 |
_aCash flow forecasting _h[electronic resource] |
| 260 |
_aLondon, _bRICS, _cJuly 2024 |
||
| 300 | _a39p. | ||
| 490 | 0 | _aRICS Practice Information | |
| 490 | 0 | _aRICS Black Book | |
| 520 | _aSupercedes 1st edition, 2011, ISBN 9781842196878 | ||
| 520 | _aThis practice information summarises what cash flow forecasting is, how to produce a useful forecast and how to then use the forecast to assess progress on site as well as other issues. It can also help assist both employers and contractors to analyse actual expenditure against forecast expenditure | ||
| 650 | 2 | 4 | _aRICS BLACK BOOK |
| 650 | 2 | 4 | _aRICS QS AND CONSTRUCTION STANDARDS |
| 651 | 4 | _aUnited Kingdom | |
| 690 | _aBUILT ENVIRONMENT-CONSTRUCTION MANAGEMENT | ||
| 856 | 4 | 0 |
_uhttps://www.rics.org/content/dam/ricsglobal/documents/standards/Cash-flow-forecasting_2nd-edition.pdf _zAvailable on RICS.org |
| 942 |
_n0 _2ddc |
||
| 999 |
_c121977 _d121977 |
||